000 00436nam a2200169Ia 4500
003 GCL
008 140319s9999 xx 000 0 eng d
040 _aGCL /
_cGCL
082 0 4 _a747
_bR E
100 1 _aRAIMONDI, GIUSEPPE
245 1 0 _aITALIAN LIVING DESIGN /
_cRAIMONDI, GIUSEPPE
260 _a[S.N] :
_bTAURIS PARKE BOOKS ،
_c1990
650 0 4 _aDECORATION
650 0 4 _aITALY
650 0 4 _aDECORATION - ITALY
942 _2ddc
_cBK
999 _c17234
_d17234